Statistics for Premier League Teams

Click here to take the quiz!

General Stats

  • This quiz has been taken 15 times
  • The average score is 17 of 20

Answer Stats

HintAnswer% Correct
F.C.Liverpool
100%
F.C.Arsenal
89%
F.C.Aston Villa
89%
F.C.Brentford
89%
F.C.Brighton & Hove Albion
89%
F.C.Chelsea
89%
F.C.Crystal Palace
89%
F.C.Fulham
89%
F.C.Manchester City
89%
F.C.Manchester United
89%
F.C.Newcastle United
89%
F.C.Tottenham Hotspur
89%
F.C.Wolverhampton Wanderers
89%
F.C.Burnley
78%
F.C.Everton
78%
F.C.West Ham United
78%
A.F.C.Bournemouth
67%
F.C.Luton Town
67%
F.C.Nottingham Forest
67%
F.C.Sheffield United
67%

Score Distribution

Percentile by Number Answered

Percent of People with Each Score

Your Score History

You have not taken this quiz